The Rightmove house price index (Record no. 105415)
[ view plain ]
| 000 -LEADER | |
|---|---|
| fixed length control field | 01246cam a2200229 4500 |
| 001 - CONTROL NUMBER | |
| control field | ##L133548 |
| 008 - FIXED-LENGTH DATA ELEMENTS--GENERAL INFORMATION | |
| fixed length control field | 060518n2006 000 0 eng u |
| 035 ## - SYSTEM CONTROL NUMBER | |
| System control number | (Sirsi) u133548 |
| 041 0# - LANGUAGE CODE | |
| Language code of text/sound track or separate title | eng |
| 050 04 - LIBRARY OF CONGRESS CALL NUMBER | |
| Classification number | 333.33 $2 18 |
| 110 2# - MAIN ENTRY--CORPORATE NAME | |
| Corporate name or jurisdiction name as entry element | Rightmove |
| 245 04 - TITLE STATEMENT | |
| Title | The Rightmove house price index |
| Remainder of title | May edition |
| 260 ## - PUBLICATION, DISTRIBUTION, ETC. | |
| Place of publication, distribution, etc. | London |
| Name of publisher, distributor, etc. | Rightmove |
| Date of publication, distribution, etc. | 2006 |
| 490 #0 - SERIES STATEMENT | |
| Series statement | Rightmove House Price Index |
| Volume/sequential designation | 15 May 2006 |
| 520 ## - SUMMARY, ETC. | |
| Summary, etc. | The May edition shows trends in asking prices up to 15 May 2006. The average property asking price moved up 2% (£4 155) to £209 829 in May setting a new record high and representing an annual rate of increase of 5.9% up from 4.1% in April. Rightmove revises its 2006 forecast upwards from 5% to 8% as property shortage drives asking prices up and housing demand outweighs affordability constraints. Interest rate rises can manage housing demand in the short term but do not address the underlying housing shortage. |
| 590 ## - LOCAL NOTE (RLIN) | |
| Local note | IKA230506 |
| 650 24 - SUBJECT ADDED ENTRY--TOPICAL TERM | |
| Topical term or geographic name entry element | RIGHTMOVE HOUSE PRICE INDEX |
| 651 #4 - SUBJECT ADDED ENTRY--GEOGRAPHIC NAME | |
| Geographic name | England and Wales |
| Chronological subdivision | 1543- |
| 690 ## - LOCAL SUBJECT ADDED ENTRY--TOPICAL TERM (OCLC, RLIN) | |
| Topical term or geographic name as entry element | PROPERTY-RESIDENTIAL PROPERTY-RESIDENTIAL PROPERTY MARKET |
| 856 40 - ELECTRONIC LOCATION AND ACCESS | |
| Uniform Resource Identifier | <a href="https://www.rightmove.co.uk">https://www.rightmove.co.uk</a> |
| Public note | View the house price index free of charge at www.rightmove.co.uk... |
| 942 ## - ADDED ENTRY ELEMENTS (KOHA) | |
| Suppress in OPAC | 0 |
| Withdrawn status | Lost status | Source of classification or shelving scheme | Damaged status | Not for loan | Home library | Current library | Shelving location | Date acquired | Total Checkouts | Full call number | Barcode | Date last seen | Copy number | Price effective from | Koha item type |
|---|---|---|---|---|---|---|---|---|---|---|---|---|---|---|---|
| Dewey Decimal Classification | Virtual | Virtual | Online | 18/05/2006 | ONLINE PUBLICATION | 133548-2001 | 06/08/2019 | 1 | 06/08/2019 | Book |